000 00416nam a2200157 i 4500
001 36403
003 ES-MaACL
005 20230906155349.0
007 t|
008 030218s1960 sp ||||1| spa d
100 1 _aBuigas, Carlos.
_932455
245 1 3 _aLa nave luminosa /
_cCarlos Buigas.
260 _aBarcelona :
_bBarna,
_c[1960]
300 _a432 p., 27 lám. ;
_c26 cm.
852 _aES-MaACL
_jC-19620
_bR.47388
999 _c36403
_d36403